Le Chili: Sur les progrès et la condition générale de la République. Traduit du Livre Bleu présenté aux deux Chambres par ordre de Sa Majesté
Zapisane w:
| 1. autor: | |
|---|---|
| Format: | Książka |
| Język: | francuski |
| Wydane: |
París
Typographie Lahure
1877
|
| Wydanie: | 2a. ed |
| Hasła przedmiotowe: | |
| Etykiety: |
Dodaj etykietę
Nie ma etykietki, Dołącz pierwszą etykiete!
|
MARC
| LEADER | 00000nam a2200000 a 4500 | ||
|---|---|---|---|
| 001 | UCJ4037 | ||
| 003 | CL-VaPUC | ||
| 008 | 070124e18770000FR |||||||||||||||||fre|d | ||
| 082 | 0 | 4 | |a 910.4 |b RUM |2 21 |
| 100 | 0 | |a Rumbold, Horace |e author |9 506876 | |
| 245 | 1 | 3 | |a Le Chili: Sur les progrès et la condition générale de la République. Traduit du Livre Bleu présenté aux deux Chambres par ordre de Sa Majesté |
| 250 | |a 2a. ed | ||
| 300 | |a 90 p | ||
| 942 | |c BK | ||
| 945 | |d 20070124 00:00:00 |a rinostro | ||
| 260 | |a París |b Typographie Lahure |c 1877 | ||
| 500 | |a Numerosas tablas estadísticas | ||
| 650 | 0 | |a Viajes |9 257115 | |
| 650 | 0 | |a Historia |9 255047 | |
| 650 | 7 | |a HACIENDA |2 CL-VaPUC |9 342348 | |
| 650 | 7 | |a INSTITUCIONES |2 CL-VaPUC |9 329701 | |
| 650 | 0 | |a Recursos naturales |9 255232 | |
| 650 | 0 | |a Educación |9 258661 | |
| 650 | 0 | |a Gobierno |9 255508 | |
| 650 | 0 | |a Ejército de Chile |9 317781 | |
| 650 | 0 | |a Estadísticas |9 258644 | |
| 651 | 7 | |a CHILE |2 CL-VaPUC |9 506877 | |
| 583 | |a last modification |c 20070124 00:00:00 |k Rodrigo Vera | ||
| 999 | |c 320155 |d 320153 | ||
| 952 | |0 0 |1 0 |4 0 |6 910_400000000000000_RUM_1877 |7 0 |8 X |9 398628 |a FDOBUD |b FDOBUD |d 2019-11-22 |i 1012533 |o 910.4 RUM 1877 |p 1012533 |r 2019-11-22 |w 2019-11-22 |y BK_X |k BUD | ||